[Event "BEL-chT 1011"]
[Site "Belgium"]
[Date "2011.02.06"]
[Round "8.3"]
[White "Van der Stricht, Geert"]
[Black "Gillain, Christophe"]
[Result "1-0"]
[WhiteElo "2440"]
[BlackElo "2092"]
[PlyCount "37"]
[EventDate "2010.09.26"]
[EventType "team-tourn"]
[EventRounds "11"]
[EventCountry "BEL"]
[SourceTitle "EXT 2012"]
[Source "ChessBase"]
[SourceDate "2011.11.24"]
[SourceVersion "1"]
[SourceVersionDate "2011.11.24"]
[SourceQuality "1"]
[WhiteTeam "KGSRL"]
[BlackTeam "Liege Crelel"]
[WhiteTeamCountry "BEL"]
[BlackTeamCountry "BEL"]

1. d4 e6 2. c4 Nf6 3. g3 Be7 4. Bg2 d5 5. Nf3 0-0 6. 0-0 b6 7. cxd5 exd5 8. Nc3 Bb7 9. Bf4 c6 10. Ne5 Nbd7 11. Rc1 Re8 12. e4 dxe4 13. Qb3 Nd5 14. Nxd5 cxd5 15. Nxd7 Ba6 16. Qxd5 Bxf1 17. Bxf1 Bf8 18. Bc4 Re7 19. Nxf8 1-0

[Event "BEL-chT 0910"]
[Site "Belgium"]
[Date "2010.02.07"]
[Round "8"]
[White "Gillain, Christophe"]
[Black "Polaczek, Richard"]
[Result "1/2-1/2"]
[WhiteElo "2122"]
[BlackElo "2373"]
[PlyCount "73"]
[EventDate "2009.09.27"]
[EventType "team-tourn"]
[EventRounds "11"]
[EventCountry "BEL"]
[SourceTitle "EXT 2011"]
[Source "ChessBase"]
[SourceDate "2010.11.26"]
[SourceVersion "1"]
[SourceVersionDate "2010.11.26"]
[SourceQuality "1"]
[WhiteTeam "Liege Crelel"]
[BlackTeam "KSK47 Eynatten"]
[WhiteTeamCountry "BEL"]
[BlackTeamCountry "BEL"]

1. d4 Nf6 2. c4 e6 3. Nc3 Bb4 4. e3 b6 5. Bd3 Bb7 6. Nf3 0-0 7. 0-0 d5 8. a3 Bd6 9. cxd5 exd5 10. Ne5 c5 11. f4 Nc6 12. Nb5 Be7 13. Bd2 Ne4 14. Nc3 cxd4 15. Nxc6 Bxc6 16. exd4 Re8 17. Be3 Bf6 18. Qf3 Rc8 19. Rac1 Qc7 20. Bf2 Qd7 21. Rfe1 Nd2 22. Rxe8+ Rxe8 23. Qh5 g6 24. Qd1 Nc4 25. Qc2 Bb7 26. f5 Ne3 27. Bxe3 Rxe3 28. fxg6 hxg6 29. Ne2 Kg7 30. Rf1 Qc8 31. Qd2 Qe8 32. Kh1 Bg5 33. Qc2 Bc6 34. Nf4 Bxf4 35. Rxf4 Re1+ 36. Rf1 Rxf1+ 37. Bxf1 1/2-1/2

[Event "BEL-chT 0506"]
[Site "Belgium"]
[Date "2005.10.23"]
[Round "2"]
[White "Gillain, Christophe"]
[Black "Vandenbussche, Thibaut"]
[Result "0-1"]
[WhiteElo "2035"]
[BlackElo "2185"]
[PlyCount "110"]
[EventDate "2005.10.09"]
[EventType "team-tourn"]
[EventRounds "11"]
[EventCountry "BEL"]
[SourceTitle "EXT 2006"]
[Source "ChessBase"]
[SourceDate "2005.11.24"]
[SourceVersion "1"]
[SourceVersionDate "2005.11.24"]
[SourceQuality "1"]
[WhiteTeam "Liege Crelel"]
[BlackTeam "Boey Temse"]
[WhiteTeamCountry "BEL"]
[BlackTeamCountry "BEL"]

1. d4 g6 2. c4 Bg7 3. Nc3 c5 4. d5 Bxc3+ 5. bxc3 f5 6. Nf3 Nf6 7. Bh6 Qa5 8. Qc2 d6 9. Nd2 Nbd7 10. f3 Nb6 11. e4 Qa4 12. Bd3 fxe4 13. Qxa4+ Nxa4 14. Nxe4 Nxe4 15. Bxe4 Nb2 16. Kf2 Nxc4 17. Rhe1 Bd7 18. Bc2 Kf7 19. Rad1 Rhe8 20. Bf4 b5 21. g4 a5 22. h4 b4 23. h5 Na3 24. Rc1 Nxc2 25. Rxc2 gxh5 26. gxh5 Bf5 27. Rcc1 Rab8 28. Re2 b3 29. axb3 Rxb3 30. Ra2 Ra8 31. Bd2 a4 32. Rca1 a3 33. Bc1 Rxc3 34. Bxa3 Rd3 35. Bc1 Rxa2+ 36. Rxa2 Rxd5 37. Ra7 Kf6 38. h6 Rd1 39. Be3 c4 40. Rc7 d5 41. Ke2 Rh1 42. Rc6+ Ke5 43. Rc5 Rh2+ 44. Ke1 Bd3 45. Bg5 Kd4 46. Rc7 Re2+ 47. Kd1 Rg2 48. Bd2 Rg1+ 49. Be1 e5 50. Kd2 Rg2+ 51. Kd1 Be2+ 52. Kc1 Bxf3 53. Rxh7 Rg1 54. Rf7 Rxe1+ 55. Kd2 Re2+ 0-1